Laddar...

From capitalization to civilization : reconstructing the socialist perspective

Bibliografiska uppgifter
Huvudupphovsman: Amin, Samir
Materialtyp: Printed Book
Publicerad: Tulika Books, New Delhi 2010
Ämnen:
LEADER 00448nam a2200157 4500
082
100 |a Amin, Samir 
245 |a From capitalization to civilization : reconstructing the socialist perspective  |c Amin, Samir 
250
260 |a Tulika Books, New Delhi  |c 2010 
300
490
650 |a Socialism & related systems 
942 |c BK 
999 |c 191658  |d 191658 
952 |0 0  |1 0  |4 0  |7 0  |9 205007  |a ISL  |b ISL  |l 0  |p ISL04781  |r 2019-10-28  |w 2019-10-28  |y BK